000 01209cam a22002654a 4500
005 20230608090910.0
008 080215s2009 caua b 001 0 eng
010 _a 2008923234
020 _a0495556513
040 _aDLC
_cDLC
_dDLC
082 _a004.6
_bCAR-D
100 1 _aCarver,Nash
245 1 0 _aDoing data analysis with SPSS version 16 /
_cRobert H. Carver, Jane Gradwohl Nash.
260 _aBelmont, CA :
_bBrooks/Cole Cengage Learning,
_cc2009.
300 _axvi, 323 p. :
_bill. ;
_c24 cm. +
504 _aIncludes bibliographical references and index.
650 0 _aSocial sciences
_xStatistical methods
_xComputer programs.
700 1 _aNash, Jane Gradwohl.
856 4 2 _3Contributor biographical information
_uhttp://www.loc.gov/catdir/enhancements/fy1104/2008923234-b.html
856 4 2 _3Publisher description
_uhttp://www.loc.gov/catdir/enhancements/fy1104/2008923234-d.html
856 4 1 _3Table of contents only
_uhttp://www.loc.gov/catdir/enhancements/fy1215/2008923234-t.html
906 _a7
_bcbc
_corignew
_d2
_eepcn
_f20
_gy-gencatlg
999 _c18664
_d18664